[Event "Benidorm op-A"]
[Site "Benidorm"]
[Date "2023.11.05"]
[Round "9"]
[White "Kandic, Milan"]
[Black "Uran Bermudez, Oliver Kevin"]
[Result "1/2-1/2"]
[WhiteElo "1927"]
[BlackElo "2083"]
[PlyCount "63"]
[EventDate "2023.10.29"]
[EventType "swiss"]
[EventRounds "9"]
[EventCountry "ESP"]
[SourceTitle "Mega2024 Update 01"]
[Source "Chessbase"]
[SourceDate "2023.11.12"]
[SourceVersion "1"]
[SourceVersionDate "2023.11.12"]
[SourceQuality "1"]

1. e4 c5 2. Nf3 a6 3. c4 Nc6 4. d4 cxd4 5. Nxd4 Nf6 6. Nc3 e5 7. Nf5 d6 8. Ne3 Be6 9. Ned5 Be7 10. Be2 0-0 11. 0-0 Nd4 12. Be3 Nxd5 13. Nxd5 Bxd5 14. cxd5 Nxe2+ 15. Qxe2 Rc8 16. Rac1 Qd7 17. b3 f5 18. f3 f4 19. Bf2 Rxc1 20. Rxc1 Rc8 21. Rxc8+ Qxc8 22. Qc4 Qxc4 23. bxc4 Kf8 24. Kf1 Ke8 25. Ke2 Kd7 26. Bb6 Bd8 27. Bf2 Ba5 28. Kd3 Kc7 29. c5 Bb4 30. cxd6+ Kxd6 31. Kc4 Ba3 32. Kb3 1/2-1/2

[Event "Barcelona Sant Marti op-A 22nd"]
[Site "Barcelona"]
[Date "2022.07.16"]
[Round "4"]
[White "Martin Barcelo, Carles"]
[Black "Kandic, Milan"]
[Result "1-0"]
[WhiteElo "2221"]
[BlackElo "2039"]
[PlyCount "171"]
[EventDate "2022.07.13"]
[EventType "swiss"]
[EventRounds "9"]
[EventCountry "ESP"]
[SourceTitle "CBM 209 Extra"]
[Source "ChessBase"]
[SourceDate "2022.09.30"]
[SourceVersion "1"]
[SourceVersionDate "2022.09.30"]
[SourceQuality "1"]

1. e4 d6 2. d4 Nf6 3. Nc3 e5 4. Nge2 Be7 5. h3 0-0 6. g4 exd4 7. Qxd4 Nc6 8. Qd2 Ne5 9. Bg2 Ng6 10. Ng3 Nh4 11. f4 Re8 12. 0-0 Nxg2 13. Qxg2 Bf8 14. Be3 d5 15. Rad1 c6 16. Rfe1 Qc7 17. exd5 Nxd5 18. Nxd5 cxd5 19. Nh5 Bd7 20. Bd4 Rxe1+ 21. Rxe1 Re8 22. Rxe8 Bxe8 23. Qe2 Bd7 24. c3 b5 25. Qe5 Qxe5 26. Bxe5 a5 27. a3 f5 28. g5 Be8 29. Ng3 g6 30. b4 a4 31. Kf2 Kf7 32. Ke3 Ke6 33. Ne2 Bd7 34. Nd4+ Kf7 35. Nf3 Ke6 36. Nd4+ Kf7 37. Kd3 Be7 38. Bc7 Bf8 39. Nf3 Bg7 40. Bd6 Ke6 41. Bc5 Bc6 42. Nd2 Bd7 43. Nf1 Bc6 44. Ng3 Bd7 45. h4 h6 46. Nf1 Bc6 47. Nd2 Be8 48. Nf3 h5 49. Ng1 Bc6 50. Ne2 Be8 51. Ng3 Kd7 52. Nf1 Ke6 53. Nd2 Bc6 54. Nf3 Be8 55. Bd4 Bf8 56. Be5 Bc6 57. Nd4+ Kd7 58. Nc2 Ke6 59. Ne1 Be8 60. Ng2 Bc6 61. Ne3 Bb7 62. Nc2 Bc6 63. Ke3 Be7 64. Nd4+ Kd7 65. Bb8 Bf8 66. Nf3 Bg7 67. Be5 Bf8 68. Bh8 Bd6 69. Nd4 Bf8 70. Be5 Be7 71. Bg7 Bd6 72. Bf6 Bf8 73. Nf3 Bd6 74. Bg7 Ke6 75. Be5 Bf8 76. Kd3 Kd7 77. Kd4 Bb7 78. Bb8 Ke6 79. Ne5 Bg7 80. Kc5 Bxe5 81. Bxe5 Bc8 82. Kxb5 Bd7+ 83. Ka6 Bc8+ 84. Ka5 Kd7 85. b5 Bb7 86. Kxa4 1-0

[Event "Barcelona Sant Marti op-A 22nd"]
[Site "Barcelona"]
[Date "2022.07.15"]
[Round "3"]
[White "Kandic, Milan"]
[Black "Diermair, Andreas"]
[Result "0-1"]
[WhiteElo "2039"]
[BlackElo "2452"]
[PlyCount "74"]
[EventDate "2022.07.13"]
[EventType "swiss"]
[EventRounds "9"]
[EventCountry "ESP"]
[SourceTitle "CBM 209 Extra"]
[Source "ChessBase"]
[SourceDate "2022.09.30"]
[SourceVersion "1"]
[SourceVersionDate "2022.09.30"]
[SourceQuality "1"]

1. e4 c6 2. Nc3 d5 3. Nf3 Bg4 4. h3 Bxf3 5. Qxf3 e6 6. d3 Nd7 7. g3 Bb4 8. Bd2 d4 9. Nb1 Qb6 10. Bg2 Bxd2+ 11. Nxd2 Qxb2 12. 0-0 Qb4 13. Nc4 b5 14. Rab1 Qc5 15. Na5 Qb6 16. Nc4 Qc7 17. Rxb5 cxb5 18. e5 Nb6 19. Nd6+ Kf8 20. Qf4 Rd8 21. Nxb5 Qd7 22. Nd6 f5 23. Qxd4 Nc8 24. Rb1 Nxd6 25. exd6 Qxd6 26. Qxa7 Ne7 27. Rb6 Qc5 28. Qa6 Qxc2 29. Rxe6 Qxd3 30. Qb7 Qd7 31. Qa6 Kf7 32. Rb6 Qd3 33. Qa7 Rd7 34. Qa5 Rhd8 35. Qe5 Rd6 36. Rb7 R8d7 37. Rb8 Re6 0-1

[Event "Benidorm op U2300 18th"]
[Site "Benidorm"]
[Date "2019.12.03"]
[Round "5"]
[White "Chernikov, Vladimir"]
[Black "Kandic, Milan"]
[Result "1-0"]
[WhiteElo "2272"]
[BlackElo "2142"]
[PlyCount "89"]
[EventDate "2019.11.29"]
[EventType "swiss"]
[EventRounds "10"]
[EventCountry "ESP"]
[SourceTitle "EXT 2022"]
[Source "ChessBase"]
[SourceDate "2021.10.06"]
[SourceVersion "1"]
[SourceVersionDate "2021.10.06"]
[SourceQuality "1"]

1. c4 e5 2. Nc3 Nc6 3. Nf3 d6 4. g3 g6 5. Bg2 Bg7 6. Rb1 Be6 7. Qa4 h6 8. b4 Qd7 9. b5 Nd8 10. d3 Ne7 11. Nd2 0-0 12. Nb3 Bh3 13. Bf3 f5 14. Nd5 Nxd5 15. Bxd5+ Kh7 16. Na5 e4 17. Nxb7 exd3 18. e3 f4 19. gxf4 Ne6 20. Qb3 Nxf4 21. exf4 Rae8+ 22. Be3 Rxf4 23. Bc6 Qg4 24. Qxd3 Rxc4 25. Rb3 Rc1+ 26. Kd2 Rxh1 27. Bxh1 Qa4 28. Bc6 Rf8 29. a3 Bf5 30. Rb4 Qxb4+ 31. axb4 Bxd3 32. Kxd3 Be5 33. h3 Bh2 34. Na5 Bg1 35. Ke2 Bh2 36. Bxa7 Be5 37. Kd3 h5 38. Nc4 Bf4 39. Ne3 Bxe3 40. Bxe3 Kg7 41. b6 cxb6 42. Bxb6 Kf6 43. b5 Ke6 44. Ba7 d5 45. b6 1-0

[Event "Karlsruhe Grenke op"]
[Site "Karlsruhe"]
[Date "2019.04.18"]
[Round "1"]
[White "Lobron, Eric"]
[Black "Kandic, Milan"]
[Result "1-0"]
[WhiteElo "2508"]
[BlackElo "2119"]
[PlyCount "71"]
[EventDate "2019.04.18"]
[EventType "swiss"]
[EventRounds "9"]
[EventCountry "GER"]
[SourceTitle "CBM 189 Extra"]
[Source "ChessBase"]
[SourceDate "2019.06.03"]
[SourceVersion "1"]
[SourceVersionDate "2019.06.03"]
[SourceQuality "1"]

1. Nf3 Nf6 2. c4 d6 3. d4 g6 4. Nc3 Bg7 5. e4 0-0 6. Be2 Nc6 7. d5 Ne5 8. Nxe5 dxe5 9. Be3 b6 10. 0-0 e6 11. Rc1 exd5 12. cxd5 a6 13. a4 Bb7 14. Qb3 Rb8 15. Rfd1 Qd6 16. f3 Rfc8 17. Nb1 Bf8 18. Nd2 Qb4 19. Qxb4 Bxb4 20. Nc4 Nd7 21. f4 Nc5 22. Nxe5 Nxa4 23. Nd3 Bd6 24. b3 Nc5 25. Nxc5 bxc5 26. e5 Bf8 27. Bxc5 Rd8 28. Bxf8 Kxf8 29. Rc5 Rd7 30. Bg4 Rdd8 31. Bf3 Bc8 32. Rd3 Bf5 33. Re3 Rd7 34. g4 Bb1 35. Kf2 Rb4 36. Rc1 1-0

[Event "Gibraltar Masters 17th"]
[Site "Caleta"]
[Date "2019.01.30"]
[Round "9"]
[White "Mannion, Stephen R"]
[Black "Kandic, Milan"]
[Result "1-0"]
[WhiteElo "2293"]
[BlackElo "2136"]
[PlyCount "73"]
[EventDate "2019.01.22"]
[EventType "swiss"]
[EventRounds "10"]
[EventCountry "GGB"]
[SourceTitle "CBM 188 Extra"]
[Source "ChessBase"]
[SourceDate "2019.02.26"]
[SourceVersion "1"]
[SourceVersionDate "2019.02.26"]
[SourceQuality "1"]

1. e4 d6 2. d4 Nf6 3. Nc3 e5 4. Nf3 Nbd7 5. Bc4 Be7 6. 0-0 0-0 7. Re1 c6 8. a4 exd4 9. Nxd4 Ne5 10. Bf1 Re8 11. a5 Bf8 12. Bg5 h6 13. Bh4 Ng6 14. Bg3 d5 15. e5 Nh7 16. f4 Bc5 17. Kh1 Nh4 18. Bf2 Nf5 19. Nxc6 bxc6 20. Bxc5 d4 21. Ne4 Ne3 22. Rxe3 dxe3 23. Nd6 f6 24. Qh5 Be6 25. f5 Bd5 26. e6 Ng5 27. Qxe8+ Qxe8 28. Nxe8 Rxe8 29. Bxa7 Be4 30. Bd3 e2 31. Re1 g6 32. h4 Bxd3 33. cxd3 Nh7 34. Rxe2 gxf5 35. e7 Kf7 36. Bb6 f4 37. Bd8 1-0

[Event "Gibraltar Challengers op-B"]
[Site "Caleta"]
[Date "2019.01.27"]
[Round "2"]
[White "Weeramantry, Sunil"]
[Black "Kandic, Milan"]
[Result "1-0"]
[WhiteElo "2007"]
[BlackElo "2136"]
[PlyCount "75"]
[EventDate "2019.01.26"]
[EventType "swiss"]
[EventRounds "5"]
[EventCountry "GGB"]
[SourceTitle "CBM 188 Extra"]
[Source "ChessBase"]
[SourceDate "2019.02.26"]
[SourceVersion "1"]
[SourceVersionDate "2019.02.26"]
[SourceQuality "1"]

1. e4 d6 2. d4 Nf6 3. Nc3 e5 4. Nf3 Nbd7 5. Bc4 Be7 6. 0-0 0-0 7. a4 a5 8. h3 c6 9. Re1 Qc7 10. Be3 exd4 11. Nxd4 Nc5 12. Bf4 Ne6 13. Bg3 Nxd4 14. Qxd4 Nd7 15. Rad1 Ne5 16. Bf1 b6 17. Kh1 Ba6 18. Bxa6 Rxa6 19. f4 Ng6 20. Rd3 Ra7 21. Red1 Rb7 22. Qf2 Qc8 23. f5 Ne5 24. Bxe5 dxe5 25. Qd2 h6 26. Ne2 Bg5 27. Qc3 Re8 28. Rd6 Rc7 29. Qg3 Qa6 30. Qg4 Kh7 31. h4 Bf6 32. Ng3 Rg8 33. Nh5 Be7 34. f6 gxf6 35. Nxf6+ Bxf6 36. Qf5+ Rg6 37. h5 Qc8 38. hxg6+ 1-0

[Event "Gibraltar Masters 17th"]
[Site "Caleta"]
[Date "2019.01.24"]
[Round "3"]
[White "Teh, Wee Zhun"]
[Black "Kandic, Milan"]
[Result "0-1"]
[WhiteElo "1818"]
[BlackElo "2136"]
[PlyCount "159"]
[EventDate "2019.01.22"]
[EventType "swiss"]
[EventRounds "10"]
[EventCountry "GGB"]
[SourceTitle "CBM 188 Extra"]
[Source "ChessBase"]
[SourceDate "2019.02.26"]
[SourceVersion "1"]
[SourceVersionDate "2019.02.26"]
[SourceQuality "1"]

1. d4 d6 2. c4 Nf6 3. Nc3 Nbd7 4. Nf3 e5 5. g3 g6 6. Bg2 Bg7 7. 0-0 0-0 8. b3 Re8 9. Bb2 a6 10. Re1 e4 11. Ng5 e3 12. fxe3 Ng4 13. Nf3 Nxe3 14. Qd3 Nxg2 15. Kxg2 Nf6 16. e4 Bg4 17. h3 Bc8 18. Rad1 Qd7 19. Rh1 b5 20. e5 dxe5 21. dxe5 bxc4 22. Qb1 Qc6 23. exf6 Bxf6 24. Nd5 c3 25. Qc2 Bb7 26. Bc1 Bg7 27. Rhf1 Qb5 28. Ne3 Be4 29. Qf2 c2 30. Rde1 Bd3 31. Rg1 Qc6 32. Kh2 Bh6 33. Nd4 Qc5 34. Ndxc2 Bxc2 35. Qxc2 Bxe3 36. Qxc5 Bxc5 37. Rgf1 Bb4 38. Re3 Rxe3 39. Bxe3 Re8 40. Rf3 Ba5 41. Kg2 Bb6 42. Bxb6 cxb6 43. Kf2 b5 44. a3 h5 45. h4 Kg7 46. Rc3 Re6 47. Kf3 Kf6 48. Kf4 Rd6 49. Ke4 Ke6 50. Rc8 f5+ 51. Ke3 Ke5 52. Rc5+ Kf6 53. Rc8 Re6+ 54. Kf3 Ke5 55. Ke3 Kd5+ 56. Kf3 Kd4 57. Kf2 Ke4 58. Rc1 f4 59. Rc3 Rd6 60. gxf4 Kxf4 61. Rc5 Kg4 62. a4 Rf6+ 63. Kg2 bxa4 64. bxa4 Kxh4 65. Rc4+ Kg5 66. Rc5+ Rf5 67. Rc6 Ra5 68. Rc4 Kf5 69. Kf3 g5 70. Rb4 g4+ 71. Kg3 Kg5 72. Rc4 h4+ 73. Kf2 Rf5+ 74. Kg2 h3+ 75. Kh2 Kh4 76. Rb4 Rf2+ 77. Kg1 Ra2 78. Kh1 Kg3 79. Rb3+ Kf2 80. Rb4 0-1

[Event "Gibraltar Challengers op-A"]
[Site "Caleta"]
[Date "2019.01.23"]
[Round "3"]
[White "Kandic, Milan"]
[Black "Lucas Vega, Ivan"]
[Result "1/2-1/2"]
[WhiteElo "2136"]
[BlackElo "2203"]
[PlyCount "65"]
[EventDate "2019.01.21"]
[EventType "swiss"]
[EventRounds "5"]
[EventCountry "GGB"]
[SourceTitle "CBM 188 Extra"]
[Source "ChessBase"]
[SourceDate "2019.02.26"]
[SourceVersion "1"]
[SourceVersionDate "2019.02.26"]
[SourceQuality "1"]

1. Nf3 e6 2. d4 d5 3. Bf4 Nf6 4. e3 c6 5. Bd3 Be7 6. h3 Nbd7 7. a4 b6 8. Ne5 Bb7 9. Nd2 a5 10. Ndf3 Nxe5 11. Nxe5 Nd7 12. Qh5 Nxe5 13. Bxe5 Bf6 14. 0-0 Bxe5 15. dxe5 Qe7 16. c3 Ba6 17. Bxa6 Rxa6 18. e4 0-0 19. exd5 cxd5 20. Rad1 g6 21. Qe2 Ra7 22. Rd4 Rc8 23. h4 Rac7 24. h5 Rc4 25. Rfd1 Qg5 26. hxg6 hxg6 27. f4 Qe7 28. Qf2 Kg7 29. Rxc4 Rxc4 30. Rd4 Qc5 31. Rxc4 Qxc4 32. Qxb6 Qxa4 33. Qf2 1/2-1/2

[Event "Gibraltar Challenger op-B"]
[Site "Caleta"]
[Date "2017.01.29"]
[Round "2"]
[White "Kandic, Milan"]
[Black "Galmandakh, Badrakh"]
[Result "1-0"]
[WhiteElo "2061"]
[BlackElo "2215"]
[PlyCount "109"]
[EventDate "2017.01.28"]
[EventType "swiss"]
[EventRounds "5"]
[EventCountry "GGB"]
[SourceTitle "EXT 2018"]
[Source "ChessBase"]
[SourceDate "2017.10.13"]
[SourceVersion "1"]
[SourceVersionDate "2017.10.13"]
[SourceQuality "1"]

1. e4 d6 2. d4 Nf6 3. Nc3 e5 4. Nf3 Nbd7 5. h3 c6 6. g4 Be7 7. Be3 0-0 8. dxe5 dxe5 9. g5 Ne8 10. Qd2 Qc7 11. 0-0-0 Bc5 12. Nh4 g6 13. Ng2 Ng7 14. h4 Bxe3 15. fxe3 Nc5 16. Bc4 Be6 17. Bxe6 Ncxe6 18. Qe2 Nh5 19. Qg4 Rad8 20. Rxd8 Rxd8 21. Rd1 a5 22. Rxd8+ Qxd8 23. Qd1 Qe7 24. Ne1 h6 25. gxh6 Qxh4 26. Nf3 Qg3 27. b3 Kh7 28. Qf1 f6 29. Kb2 Kxh6 30. Qd1 Qf2 31. Nd2 Qxe3 32. Nc4 Qc5 33. Qd7 Nef4 34. Nd6 Kg5 35. Nxb7 Qf2 36. Nxa5 Kh4 37. Nxc6 g5 38. Ne7 g4 39. Nf5+ Kg5 40. Nd1 Qe2 41. Nde3 Ng2 42. Qh7 Kf4 43. Nxg2+ Qxg2 44. Qh6+ Kxe4 45. Qxh5 Qf3 46. Nh4 Qf4 47. Qh7+ Kd5 48. Qd7+ Kc5 49. Nf5 e4 50. Qd4+ Kc6 51. Qxf6+ Kc7 52. Qe7+ Kc6 53. Nd4+ Kd5 54. Qd7+ Ke5 55. Qc7+ 1-0

[Event "Gibraltar Masters 15th"]
[Site "Caleta"]
[Date "2017.01.27"]
[Round "4"]
[White "Cramling Bellon, Anna"]
[Black "Kandic, Milan"]
[Result "0-1"]
[WhiteElo "1954"]
[BlackElo "2061"]
[PlyCount "72"]
[EventDate "2017.01.24"]
[EventType "swiss"]
[EventRounds "10"]
[EventCountry "GGB"]
[SourceTitle "CBM 177"]
[Source "ChessBase"]
[SourceDate "2017.03.16"]
[SourceVersion "1"]
[SourceVersionDate "2017.03.16"]
[SourceQuality "1"]

1. d4 g6 2. Nf3 Bg7 3. h3 c5 4. c3 cxd4 5. cxd4 Nc6 6. d5 Ne5 7. e4 Nxf3+ 8. Qxf3 d6 9. Bb5+ Bd7 10. Bxd7+ Qxd7 11. Nc3 Nf6 12. 0-0 0-0 13. Bd2 Rfc8 14. Rac1 Rc7 15. Qd3 Rac8 16. b3 a6 17. a4 Nh5 18. Na2 Bb2 19. Rb1 Rc2 20. Rfd1 Be5 21. Nb4 R2c5 22. Rdc1 Qd8 23. Na2 Bf4 24. g3 Rxc1+ 25. Rxc1 Rxc1+ 26. Nxc1 Bxd2 27. Qxd2 Nf6 28. Qd3 Qc8 29. Ne2 Qxh3 30. Nf4 Qc8 31. Kg2 Qc1 32. Qf3 Qc2 33. e5 dxe5 34. Ne2 e4 35. Qe3 Ng4 36. Qc3 Qxe2 0-1

[Event "Gibraltar Masters 15th"]
[Site "Caleta"]
[Date "2017.01.25"]
[Round "2"]
[White "Gulamali, Kazim"]
[Black "Kandic, Milan"]
[Result "1/2-1/2"]
[WhiteElo "2341"]
[BlackElo "2061"]
[PlyCount "42"]
[EventDate "2017.01.24"]
[EventType "swiss"]
[EventRounds "10"]
[EventCountry "GGB"]
[SourceTitle "CBM 177"]
[Source "ChessBase"]
[SourceDate "2017.03.16"]
[SourceVersion "1"]
[SourceVersionDate "2017.03.16"]
[SourceQuality "1"]

1. e4 d6 2. d4 Nf6 3. Nc3 e5 4. Nf3 Nbd7 5. Bc4 Be7 6. 0-0 0-0 7. a4 c6 8. Re1 b6 9. d5 Bb7 10. b3 cxd5 11. Nxd5 Nxd5 12. Bxd5 Bxd5 13. Qxd5 Qc7 14. c4 Nc5 15. Rb1 Qb7 16. Qxb7 Nxb7 17. Be3 Rac8 18. Nd2 h6 19. Nf3 Kh7 20. Red1 Rc7 21. g3 g6 1/2-1/2